Products of passive treatment of acid mine drainage and technological wastewater

Elmentve itt :
Bibliográfiai részletek
Szerző: Šottník P.
Dokumentumtípus: Cikk
Megjelent: Department of Mineralogy, Geochemistry and Petrology, University of Szeged Szeged 2006
Sorozat:Acta mineralogica-petrographica 5
Acta mineralogica-petrographica : abstract series 5
Kulcsszavak:Földtan - előadáskivonat, Kőzettan - előadáskivonat, Ásványtan - előadáskivonat
Tárgyszavak:
Online Access:http://acta.bibl.u-szeged.hu/31762
LEADER 00972nab a2200217 i 4500
001 acta31762
005 20260212140948.0
008 161017s2006 hu o 000 eng d
022 |a 0324-6523, 1589-4835 
040 |a SZTE Egyetemi Kiadványok Repozitórium  |b hun 
041 |a eng 
100 1 |a Šottník P. 
245 1 0 |a Products of passive treatment of acid mine drainage and technological wastewater  |h [elektronikus dokumentum] /  |c  Šottník P. 
260 |a Department of Mineralogy, Geochemistry and Petrology, University of Szeged  |b Szeged  |c 2006 
300 |a 108 
490 0 |a Acta mineralogica-petrographica  |v 5 
490 0 |a Acta mineralogica-petrographica : abstract series  |v 5 
650 4 |a Természettudományok 
650 4 |a Föld- és kapcsolódó környezettudományok 
695 |a Földtan - előadáskivonat, Kőzettan - előadáskivonat, Ásványtan - előadáskivonat 
856 4 0 |u http://acta.bibl.u-szeged.hu/31762/1/mineralogica_as_005_108.pdf  |z Dokumentum-elérés